000 00710nam a2200289Ia 4500
005 20260324131308.0
008 008 260324s9999 xx 000 0 eng d
020 _a9780203020845
037 _aEBOOK
040 _aCRL
040 _beng
040 _cCRL
041 _2eng
041 _aeng
084 _qCRL
100 _aDaniel J. Hammond; Claire H. Hammond
_91184976
245 0 _aMaking Chicago Price Theory
245 0 _bFriedman-Stigler Correspondence 1945-1957
260 _bTaylor and Francis
260 _c2006
365 _a
365 _b150
856 _uhttp://www.taylorfrancis.com/books/9780203020845
942 _cEBOOK
999 _c1781989
_d1781989